000 00971nmm a2200277 a 4500
001 ocm0002146928
003 TR-IsHL
005 20201028182827.0
008 190209s2017 tu tur
007 cr cn
020 _a9786053275176
035 _a2146928
_b(N$T)
050 0 4 _aHC492
_b.T35 2017
090 0 4 _aHC492
_b.T35 2017
100 1 _aTakım, Abdullah
245 1 0 _aTürkiye'nin temel ekonomik sorunları: politik aktörler tarihsel veriler ve öngörüler
_h[electronic resource] /
_cAbdullah Takım
260 _aBursa :
_bEkin Basım Yayın Dağıtım,
_c2017
300 _a637 p.
500 _aKaynakça var.
650 4 _aEkonomi ve Finans
650 4 _aEconomics and Finance
650 0 _aTürkiye
_x Ekonomik koşullar
650 0 _aTurkey
_x Economic conditions
650 7 _aBUSINESS & ECONOMICS / Economic Conditions
_2bisacsh
856 4 0 _uhttp://search.ebscohost.com/login.aspx?direct=true&scope=site&db=e011xww&AN=2146928
999 _c20250
_d20250